000 00922nam a2200265Ia 4500
003 OSt
005 20221005113531.0
006 a|||||r|||| 00| 0
007 ta
008 221004b |||||||| |||| 00| 0 pan d
020 _cINR 225.00
024 _a66174
037 _bSP/5347, 15/02/2020, Star Publications Pvt. Ltd.
_cTextual
040 _aCRL
_cCRL
_bpan
041 _2pan
_apan
082 _aO153,3N262,CH, Q9
100 _aਪਰਮਾਰ, ਨਦੀਮ, ਂਚ.
245 0 _aਚੁੱਪ
260 _aਲੁਧਿਆਨਾ
_bਚੇਤਨਾ ਪ੍ਰਕਾFਨ ਭਾਰਤ
_c2019
300 _a147ਪ੍ਰ0
_ccm.
650 _a ਪੰਜਾਬੀ ਕਹਾਣੀ
650 _aਪੰਜਾਬੀ ਸਾਹਿਤ
942 _hO153,3N262,CH, Q9
_cTEXL
_2cc
999 _c1028503
_d1028503